000 00444nam a22001817a 4500
003 MPLRDC
005 20220104143455.0
008 210129b ||||| |||| 00| 0 eng d
020 _a962-357-415-0
082 _a782.886 MZD-46 c.2
100 _a孙琴安
245 _a毛泽东与文人
_c
260 _a
_b明报出版社
_c1992
300 _b
490 _a焦点文库
650 _a毛泽东传记
942 _cBK
_o782.886 MZD-46 c.2
999 _c40259
_d40249